LEADER 01332nam 2200397 450 001 9910795066103321 005 20211104145858.0 010 $a1-78862-777-6 035 $a(CKB)4340000000263511 035 $a(MiAaPQ)EBC5340522 035 $a(PPN)23340631X 035 $a(EXLCZ)994340000000263511 100 $a20180613d2018 uy 0 101 0 $aeng 135 $aurcnu|||||||| 181 $ctxt$2rdacontent 182 $cc$2rdamedia 183 $acr$2rdacarrier 200 10$aTkinter GUI application development cookbook $ea practical solution to your GUI development problems with Python and Tkinter /$fAlejandro Rodas de Paz 210 1$aBirmingham ;$aMumbai :$cPackt Publishing,$d2018. 215 $a1 online resource (234 pages) $cillustrations 606 $aInterfaces de usuarios (Informática) 606 $aPython (lenguaje de programación) 606 $aTK (programa de ordenador) 615 0$aInterfaces de usuarios (Informática) 615 0$aPython (lenguaje de programación) 615 0$aTK (programa de ordenador) 676 $a005.437 700 $aRodas de Paz$b Alejandro$01575931 801 0$bMiAaPQ 801 1$bMiAaPQ 801 2$bMiAaPQ 906 $aBOOK 912 $a9910795066103321 996 $aTkinter GUI application development cookbook$93853340 997 $aUNINA LEADER 02975oas 2200925 a 450 001 9910625195003321 005 20260127110400.0 011 $a2371-9850 035 $a(DE-599)ZDB2572442-3 035 $a(OCoLC)421103054 035 $a(CONSER) 2009203296 035 $a(CKB)1000000000758404 035 $a(DE-599)2572442-3 035 $a(EXLCZ)991000000000758404 100 $a20090702a20109999 uy a 101 0 $aeng 135 $aur||||||||||| 181 $ctxt$2rdacontent 182 $cc$2rdamedia 183 $acr$2rdacarrier 200 00$aIEEE transactions on affective computing 210 $aPiscataway, N.J. $cInstitute of Electrical and Electronics Engineers Computer Sociery$d2010- 300 $aRefereed/Peer-reviewed 311 08$a1949-3045 517 1 $aInstitute of Electrical and Electronics Engineers transactions on affective computing 517 1 $aAffective computing 517 1 $aTAC 531 0 $aIEEE trans. affect. comput. 606 $aHuman-computer interaction$vPeriodicals 606 $aUser interfaces (Computer systems)$vPeriodicals 606 $aCognition$xComputer simulation$vPeriodicals 606 $aEmotions$xComputer simulation 606 $aCognition$xComputer simulation$2fast$3(OCoLC)fst00866461 606 $aEmotions$xComputer simulation$2fast$3(OCoLC)fst00908821 606 $aHuman-computer interaction$2fast$3(OCoLC)fst00963494 606 $aUser interfaces (Computer systems)$2fast$3(OCoLC)fst01163191 606 $aInterfaces utilisateurs (Informatique)$vPe?riodiques 606 $aCognition$xSimulation par ordinateur$vPe?riodiques 608 $aPeriodicals.$2fast 615 0$aHuman-computer interaction 615 0$aUser interfaces (Computer systems) 615 0$aCognition$xComputer simulation 615 0$aEmotions$xComputer simulation. 615 7$aCognition$xComputer simulation. 615 7$aEmotions$xComputer simulation. 615 7$aHuman-computer interaction. 615 7$aUser interfaces (Computer systems) 615 6$aInterfaces utilisateurs (Informatique) 615 6$aCognition$xSimulation par ordinateur 676 $a003.3 712 02$aInstitute of Electrical and Electronics Engineers. 712 02$aIEEE Computer Society 712 02$aIEEE Systems, Man, and Cybernetics Society 712 02$aIEEE Computational Intelligence Society 801 0$bDLC 801 1$bDLC 801 2$bHEBIS 801 2$bTXA 801 2$bBUF 801 2$bUKMGB 801 2$bCUS 801 2$bDLC 801 2$bOCLCQ 801 2$bOCLCF 801 2$bDLC 801 2$bOCLCO 801 2$bOCLCQ 801 2$bOCLCA 801 2$bAU@ 801 2$bNJT 801 2$bOCLCQ 801 2$bUAB 801 2$bOCLCL 801 2$bEZC 801 2$bSFB 801 2$bSRU 906 $aJOURNAL 912 $a9910625195003321 996 $aIEEE transactions on affective computing$92573876 997 $aUNINA